000 00614nam a22002177a 4500
005 20170124110221.0
010 _a785953
020 _c00.00
_a333133595
035 _a785953
037 _bCen Lib/Ret
040 _aDPL
_bEN
082 _a910.3
_bPAX
100 _aPaxton, John
_939866
245 _aThe statesman's year-book world gazetteer /
_cby John Paxton
260 _aLondon
_bThe macmillan press
_c1975
270 _bLondon
300 _axiii,732p.:
_c23cm(Hb)
_bill.
_emaps
500 _a
650 _aReferences year-book
_vGazetteer
_939867
942 _2ddc
_cEN
_h910.3
_mPAX
999 _c134128
_d134128